Imaginando un futuro: pensamiento crítico, desarrollo y movimientos sociales /
Sábháilte in:
| Príomhchruthaitheoir: | |
|---|---|
| Formáid: | Anaithnid |
| Foilsithe / Cruthaithe: |
Caracas:
Unesco. Nueva Sociedad
|
| Ábhair: | |
| Clibeanna: |
Cuir clib leis
Níl clibeanna ann, Bí ar an gcéad duine le clib a chur leis an taifead seo!
|
MARC
| LEADER | 00000 a2200000 04500 | ||
|---|---|---|---|
| 001 | 39130 | ||
| 003 | cru IIS | ||
| 005 | 20230705104314.0 | ||
| 008 | 991231s d | ||
| 020 | |a 980-317-001-5 | ||
| 022 | |a 980-317-001-5 | ||
| 040 | |a CRAI/IIS |c CRAI/IIS | ||
| 090 | |a 0002 L864d | ||
| 100 | |a Escobar, Arturo |9 11388 | ||
| 245 | |a Imaginando un futuro: pensamiento crítico, desarrollo y movimientos sociales / |c Arturo Escobar | ||
| 260 | |a Caracas: |b Unesco. Nueva Sociedad | ||
| 300 | |a 135-170 p. | ||
| 650 | |a DEMOCRACIA | ||
| 650 | |a ELECCIONES | ||
| 650 | |a AMERICA LATINA | ||
| 773 | 0 | |0 14659 |9 9356 |a López Maya, Margarita |d Caracas: Unesco. Nueva Sociedad 1991 |o 06311 |t Desarrollo y democracia / |w (cru CIDCACS/IIS)39129 |x 980-317-001-5 |z 980-317-001-5 | |
| 942 | |2 ddc |c LI | ||
| 999 | |c 45173 |d 45173 | ||



